000 00480nam a2200181Ia 4500
001 21110
005 20260306172855.0
008 260306t2015||||xx |||||||||||||| ||spa||
041 _aESP
082 _a344
_bR31E
100 _aReátegui Sánchez, James
_eAUT
245 0 _aManual de derecho penal:
_bdelitos contra la vida, contra el patrimonio y otros
260 _c2015
300 _a846 páginas :
_c25 cm.
650 _aGEN
654 _aCDE
942 _cLIB
_dJUS
_fJUS
_2ddc
_n
999 _c21110
_d21110